000 006930000a22002170004500
003 LK-CoMWRAF
005 20231122152103.0
008 230817t2005 ||||| |||| 00| 0 eng d
020 _a955126603
040 _aLK-CoMWRAF
_dLK-CoMWRAF
_eLK-CoMWRAF
041 _aeng
082 _a305.8
_bROB
100 _aRoberts, Michael
245 _aNarrating Tamil nationalism :
_bsubjectivities & issues
260 _aColombo:
_bVijitha Yapa,
_c2004
300 _a52 p. : ill. (some col.) ; 21 cm.
_bBibliography included
650 _aTamil (Indic people)--Sri Lanka--Ethnic identity
650 _aNationalism--Sri Lanka.
650 _aSri Lanka--Ethnic relations--Political aspects
942 _cBK
999 _c822
_d822